000 00831nam a2200205Ia 4500
999 _c39451
_d39451
001 6044
003 GE_BSU
005 20190911122144.0
008 181216s1964||||ge |||||||||||||| ||geo||
040 _cGE_BSU
041 _ageo
080 _a821.353.1-31 ა-30
100 _aავალიანი, ლადო
_93908
245 _aახალი ჰორიზონტი რომანი ექვს ნაწილად :
_bIII-IV ნაწილი /
_cლადო ავალიანი ; რედ. კ. ბობოხიძე.
264 _aთბილისი :
_bსაბჭოთა საქართველო ;
_c1964.
300 _a315 გვ. ;
_c20 სმ.
653 _aრომანი
700 _aბობოხიძე, კ.
_eრედაქტორი
_93666
942 _cBK
_2udc